De slag der witte schepen. (Record no. 5097)

MARC details
000 -LEADER
fixed length control field 00612cam a22002171 4500
001 - CONTROL NUMBER
control field af 48002580
003 - CONTROL NUMBER IDENTIFIER
control field DLC
005 - DATE AND TIME OF LATEST TRANSACTION
control field 20260227110856.0
008 - FIXED-LENGTH DATA ELEMENTS--GENERAL INFORMATION
fixed length control field 890405s1944 ne 000 0 dut c
010 ## - LIBRARY OF CONGRESS CONTROL NUMBER
LC control number af 48002580
035 ## - SYSTEM CONTROL NUMBER
System control number (OCoLC)19500442
040 ## - CATALOGING SOURCE
Original cataloging agency California. Univ. Libr.
Transcribing agency CU
Modifying agency DLC
041 1# - LANGUAGE CODE
Language code of text/sound track or separate title dut
Language code of original und
042 ## - AUTHENTICATION CODE
Authentication code premarc
050 00 - LIBRARY OF CONGRESS CALL NUMBER
Classification number PT2617.E76
Item number S353
100 1# - MAIN ENTRY--PERSONAL NAME
Personal name Herse, Henrik,
Dates associated with a name 1895-
245 13 - TITLE STATEMENT
Title De slag der witte schepen.
Statement of responsibility, etc. Geautoriseerde vertaling van Margaretha Meijer.
260 ## - PUBLICATION, DISTRIBUTION, ETC.
Place of publication, distribution, etc. Amsterdam,
Name of publisher, distributor, etc. Storm,
Date of publication, distribution, etc. 1944.
300 ## - PHYSICAL DESCRIPTION
Extent 343 p.
Dimensions 21 cm.
700 1# - ADDED ENTRY--PERSONAL NAME
Personal name Meijer, Margaretha,
Relator term tr.

No items available.

Powered by Koha